000 00860nam a22002417a 4500
005 20120329143512.0
008 120329t xxu||||| |||| 00| 0 eng d
010 _aENG-104914
020 _a9780198077206
_c725.00
020 _a0198077203
_c725.00
035 _aEN-88447
037 _bDBAD/PUB
040 _aDPL
_bEng
100 _944515
_aDua, Pami
245 _aExchange rate policy and modelling in india /
_cby Pami Dua [and] Rajiv Ranjan
260 _aNew Delhi
_bOxford University Press
_c2012
270 _aYMCA Library Building, 1 Jai Singh Road
_bNew Delhi
_e110001
300 _axxii,273p.
_c23cm(Hb)
500 _aIncludes bibliographical references and index
700 _aRajiv Ranjan
_944529
942 _2ddc
_cEN
_mDUA
999 _c64515
_d64515